| 000 | 00926cam a22003017a 4500 | ||
|---|---|---|---|
| 003 | CHAP | ||
| 005 | 20220817042929.0 | ||
| 008 | 971013s1970 r 00010 d | ||
| 010 | _a60198 | ||
| 011 | _a61170 | ||
| 035 | _a65334 | ||
| 040 | _cCHAP | ||
| 082 |
_a972 _bM45 |
||
| 245 | 1 | 3 | _aLe Mexique; géogaphie, histoire, economie, arts et lettres |
| 260 |
_aParis : _bAmbassade du Mexique en France, _c1970 |
||
| 300 | _a127 p. | ||
| 590 |
_aBATCH-UPD _b10 _c20130110 _lUCH01 _h1643 |
||
| 590 |
_aBATCH-UPD _b10 _c20130410 _lUCH01 _h1033 |
||
| 590 |
_aBATCH-UPD _b10 _c20130914 _lUCH01 _h0412 |
||
| 590 |
_aCONVERSION _b10 _c20130109 _lUCH01 _h1332 |
||
| 650 | 1 | 4 |
_aArte _xMéxico. _97696 |
| 650 | 1 | 4 |
_aMéxico _xCondiciones económicas. |
| 650 | 1 | 4 |
_aMéxico _xGeografía. _976748 |
| 650 | 1 | 4 |
_aMéxico _xHistoria. |
| 901 | _aBK | ||
| 942 | _cLIBRO | ||
| 949 |
_a972 M45 _bBC _cLIBRO _d33724000282307 _eLIBRO _h39409 _i65334 _mD _si |
||
| 999 |
_c60198 _d60198 |
||